<?xml version='1.0' encoding='UTF-8'?>
  <record xmlns="http://www.loc.gov/MARC21/slim">
    <leader>00000ccs a2200000 i 4500</leader>
    <controlfield tag="001">ocn650937694</controlfield>
    <controlfield tag="003">OCoLC</controlfield>
    <controlfield tag="005">20230613115623.8</controlfield>
    <controlfield tag="006">s x m       0    0</controlfield>
    <controlfield tag="008">051216d18501870ne uuuu        n  u dut d</controlfield>
    <datafield tag="040" ind1=" " ind2=" ">
      <subfield code="a">NLGGC</subfield>
      <subfield code="b">dut</subfield>
      <subfield code="c">NLGGC</subfield>
      <subfield code="e">fobidrtb</subfield>
      <subfield code="d">NLGGC</subfield>
    </datafield>
    <datafield tag="029" ind1="0" ind2=" ">
      <subfield code="a">NLGGC</subfield>
      <subfield code="b">290839173</subfield>
    </datafield>
    <datafield tag="035" ind1=" " ind2=" ">
      <subfield code="a">(OCoLC)650937694</subfield>
    </datafield>
    <datafield tag="084" ind1=" " ind2=" ">
      <subfield code="a">24.50</subfield>
      <subfield code="2">bcl</subfield>
    </datafield>
    <datafield tag="245" ind1="0" ind2="4">
      <subfield code="a">Les salons des variétés :</subfield>
      <subfield code="b">verzameling der meest gezochte liederen, romances, comique scènes, enz., met accompagnement van piano-forte.</subfield>
    </datafield>
    <datafield tag="260" ind1=" " ind2=" ">
      <subfield code="a">Amsterdam :</subfield>
      <subfield code="b">Brix von Wahlberg,</subfield>
      <subfield code="c">[ca. 1850-ca. 1870]</subfield>
    </datafield>
    <datafield tag="300" ind1=" " ind2=" ">
      <subfield code="a">? ;</subfield>
      <subfield code="c">34 cm.</subfield>
    </datafield>
    <datafield tag="310" ind1=" " ind2=" ">
      <subfield code="a">Verscheen onregelmatig</subfield>
    </datafield>
    <datafield tag="336" ind1=" " ind2=" ">
      <subfield code="a">muzieknotatie</subfield>
      <subfield code="b">ntm</subfield>
      <subfield code="2">rdacontent/dut</subfield>
    </datafield>
    <datafield tag="337" ind1=" " ind2=" ">
      <subfield code="a">zonder medium</subfield>
      <subfield code="b">n</subfield>
      <subfield code="2">rdamedia/dut</subfield>
    </datafield>
    <datafield tag="338" ind1=" " ind2=" ">
      <subfield code="a">band</subfield>
      <subfield code="b">nc</subfield>
      <subfield code="2">rdacarrier/dut</subfield>
    </datafield>
    <datafield tag="362" ind1="0" ind2=" ">
      <subfield code="a">Nr. 1-nr. 245?</subfield>
    </datafield>
    <datafield tag="500" ind1=" " ind2=" ">
      <subfield code="a">Impressum later: Amsterdam : Alsbach.</subfield>
    </datafield>
    <datafield tag="500" ind1=" " ind2=" ">
      <subfield code="a">In de index van sommige exemplaren is de doorlopende nummering 1-36 ingedeeld in 3 series, het lijkt er echter op dat deze indeling na 23 uitgaven niet verder is doorgezet.</subfield>
    </datafield>
    <datafield tag="500" ind1=" " ind2=" ">
      <subfield code="a">Bevat populaire Nederlandstalige liedjes uit o.m. vaudevilles.</subfield>
    </datafield>
    <datafield tag="500" ind1=" " ind2=" ">
      <subfield code="a">Diverse afleveringen zijn ook verschenen in verschillende herdr.</subfield>
    </datafield>
    <datafield tag="500" ind1=" " ind2=" ">
      <subfield code="a">Bron: Een muziekgeschiedenis der Nederlanden / onder hoofdred. van Louis Peter Grijp. - Amsterdam, 2001. - P. 506.</subfield>
    </datafield>
    <datafield tag="500" ind1=" " ind2=" ">
      <subfield code="a">J.v.u. 1854 voor no. 16 ontleend aan Nederlandse Liederenbank.</subfield>
    </datafield>
    <datafield tag="500" ind1=" " ind2=" ">
      <subfield code="a">Iedere aflevering met eigen uitgeversno.</subfield>
    </datafield>
    <datafield tag="504" ind1=" " ind2=" ">
      <subfield code="a">Overkoepelende index op rugzijdes van de afl..</subfield>
    </datafield>
    <datafield tag="650" ind1="1" ind2="7">
      <subfield code="a">Muziek.</subfield>
      <subfield code="2">gtt</subfield>
      <subfield code="0">(NL-LeOCL)078597420</subfield>
    </datafield>
    <datafield tag="650" ind1="1" ind2="7">
      <subfield code="a">Muziekdruk.</subfield>
      <subfield code="2">gtt</subfield>
      <subfield code="0">(NL-LeOCL)14166262X</subfield>
    </datafield>
    <datafield tag="650" ind1="1" ind2="7">
      <subfield code="a">Bladmuziek.</subfield>
      <subfield code="2">gtt</subfield>
      <subfield code="0">(NL-LeOCL)107680718</subfield>
    </datafield>
    <datafield tag="650" ind1="1" ind2="7">
      <subfield code="a">Liederen.</subfield>
      <subfield code="2">gtt</subfield>
      <subfield code="0">(NL-LeOCL)078575281</subfield>
    </datafield>
    <datafield tag="655" ind1=" " ind2="7">
      <subfield code="a">Muziekwerken (vorm)</subfield>
      <subfield code="2">gtt</subfield>
      <subfield code="0">(NL-LeOCL)238071812</subfield>
    </datafield>
  </record>